[Event "Hoogeveen Open"]
[Site "Hoogeveen, Netherlands"]
[Date "2018.10.23"]
[Round "5.29"]
[White "Zarkovic, Mila"]
[Black "Van Der Hagen, Loek"]
[Result "1-0"]
[WhiteElo "2213"]
[BlackElo "1820"]

1. e4 {[%clk 01:30:58]} c5 {[%clk 01:30:45]} {[%emt 00:00:15]} 2. Nf3 {[%clk
01:31:24]} {[%emt 00:00:04]} d6 {[%clk 01:31:10]} {[%emt 00:00:07]} 3. d4
{[%clk 01:31:49]} {[%emt 00:00:04]} cxd4 {[%clk 01:31:37]} {[%emt 00:00:03]} 4.
Nxd4 {[%clk 01:32:15]} {[%emt 00:00:05]} Nf6 {[%clk 01:31:54]} {[%emt
00:00:12]} 5. Nc3 {[%clk 01:32:40]} {[%emt 00:00:06]} Nc6 {[%clk 01:32:12]}
{[%emt 00:00:12]} 6. Be3 {[%clk 01:32:47]} {[%emt 00:00:23]} Ng4 {[%clk
01:32:12]} {[%emt 00:00:29]} 7. Bg5 {[%clk 01:28:45]} {[%emt 00:04:32]} Qb6
{[%clk 01:31:42]} {[%emt 00:01:00]} 8. Bb5 {[%clk 01:28:37]} {[%emt 00:00:39]}
e5 {[%clk 01:10:26]} {[%emt 00:21:46]} 9. Nd5 {[%clk 01:25:44]} {[%emt
00:03:23]} Qxd4 {[%clk 01:07:26]} {[%emt 00:03:30]} 10. Qxd4 {[%clk 01:23:20]}
{[%emt 00:02:54]} exd4 {[%clk 01:07:43]} {[%emt 00:00:12]} 11. Nc7+ {[%clk
01:22:41]} {[%emt 00:01:10]} Kd7 {[%clk 01:08:07]} {[%emt 00:00:07]} 12. Nxa8
{[%clk 01:23:04]} {[%emt 00:00:06]} b6 {[%clk 01:03:20]} {[%emt 00:05:17]} 13.
h3 {[%clk 01:07:24]} {[%emt 00:16:10]} Nge5 {[%clk 01:00:11]} {[%emt 00:03:39]}
14. O-O-O {[%clk 00:49:15]} {[%emt 00:18:39]} Bb7 {[%clk 00:56:04]} {[%emt
00:04:37]} 15. Nxb6+ {[%clk 00:48:42]} {[%emt 00:01:03]} axb6 {[%clk 00:56:21]}
{[%emt 00:00:13]} 16. Rxd4 {[%clk 00:48:15]} {[%emt 00:00:58]} Be7 {[%clk
00:51:32]} {[%emt 00:05:17]} 17. Bxe7 {[%clk 00:31:51]} {[%emt 00:16:54]} Kxe7
{[%clk 00:51:45]} {[%emt 00:00:17]} 18. Bxc6 {[%clk 00:31:41]} {[%emt
00:00:42]} Nxc6 {[%clk 00:49:05]} {[%emt 00:03:09]} 19. Rd2 {[%clk 00:30:15]}
{[%emt 00:01:56]} Ne5 {[%clk 00:44:43]} {[%emt 00:04:52]} 20. b3 {[%clk
00:25:23]} {[%emt 00:05:22]} h5 {[%clk 00:39:03]} {[%emt 00:06:10]} 21. Rhd1
{[%clk 00:24:22]} {[%emt 00:01:32]} Rd8 {[%clk 00:38:19]} {[%emt 00:01:13]} 22.
f3 {[%clk 00:23:12]} {[%emt 00:01:41]} g5 {[%clk 00:37:29]} {[%emt 00:01:18]}
23. Rd4 {[%clk 00:22:05]} {[%emt 00:01:36]} Bc6 {[%clk 00:34:51]} {[%emt
00:03:10]} 24. a4 {[%clk 00:21:42]} {[%emt 00:00:53]} Ke6 {[%clk 00:27:00]}
{[%emt 00:08:20]} 25. Kb2 {[%clk 00:20:07]} {[%emt 00:02:06]} f6 {[%clk
00:23:07]} {[%emt 00:04:23]} 26. Rb4 {[%clk 00:16:51]} {[%emt 00:03:47]} Nd7
{[%clk 00:21:08]} {[%emt 00:02:28]} 27. Ka3 {[%clk 00:14:13]} {[%emt 00:03:09]}
h4 {[%clk 00:16:43]} {[%emt 00:04:54]} 28. Rc4 {[%clk 00:13:34]} {[%emt
00:01:09]} Ne5 {[%clk 00:15:38]} {[%emt 00:01:34]} 29. Rcd4 {[%clk 00:12:42]}
{[%emt 00:01:21]} Rd7 {[%clk 00:08:48]} {[%emt 00:07:22]} 30. c4 {[%clk
00:12:09]} {[%emt 00:01:04]} Nf7 {[%clk 00:08:23]} {[%emt 00:00:54]} 31. b4
{[%clk 00:12:08]} {[%emt 00:00:30]} Ra7 {[%clk 00:06:33]} {[%emt 00:02:21]} 32.
a5 {[%clk 00:07:36]} {[%emt 00:05:03]} Ke5 {[%clk 00:05:28]} {[%emt 00:01:34]}
33. Kb3 {[%clk 00:04:42]} {[%emt 00:03:25]} bxa5 {[%clk 00:05:40]} {[%emt
00:00:17]} 34. b5 {[%clk 00:05:07]} {[%emt 00:00:05]} Bb7 {[%clk 00:05:11]}
{[%emt 00:00:59]} 35. Ka4 {[%clk 00:05:18]} {[%emt 00:00:20]} Kf4 {[%clk
00:04:24]} {[%emt 00:01:17]} 36. Rxd6 {[%clk 00:01:12]} {[%emt 00:04:35]} Nxd6
{[%clk 00:03:52]} {[%emt 00:01:02]} 37. Rxd6 {[%clk 00:01:40]} {[%emt
00:00:02]} Ke5 {[%clk 00:03:23]} {[%emt 00:00:59]} 38. c5 {[%clk 00:01:21]}
{[%emt 00:00:49]} Ra8 {[%clk 00:01:55]} {[%emt 00:01:58]} 39. Rd7 {[%clk
00:01:04]} {[%emt 00:00:48]} Bc8 {[%clk 00:01:51]} {[%emt 00:00:33]} 40. Rd8
{[%clk 00:00:48]} {[%emt 00:00:46]} Ke6 {[%clk 00:01:09]} {[%emt 00:01:12]} 41.
c6 {[%clk 00:28:21]} {[%emt 00:02:58]} Bb7 {[%clk 00:19:04]} {[%emt 00:12:34]}
42. Rxa8 {[%clk 00:23:10]} {[%emt 00:05:40]} Bxa8 {[%clk 00:19:22]} {[%emt
00:00:13]} 43. Kxa5 {[%clk 00:23:37]} {[%emt 00:00:03]} Ke7 {[%clk 00:19:15]}
{[%emt 00:00:37]} 44. Ka6 {[%clk 00:21:00]} {[%emt 00:03:07]} Kd8 {[%clk
00:19:23]} {[%emt 00:00:22]} 45. Kb6 {[%clk 00:21:14]} {[%emt 00:00:15]} Kc8
{[%clk 00:18:45]} {[%emt 00:01:08]} 46. Kc5 {[%clk 00:21:37]} {[%emt 00:00:08]}
Kb8 {[%clk 00:17:46]} {[%emt 00:01:29]} 47. b6 {[%clk 00:21:56]} {[%emt
00:00:10]} Kc8 {[%clk 00:17:57]} {[%emt 00:00:20]} 1-0

[Event "Hoogeveen Open"]
[Site "Hoogeveen, Netherlands"]
[Date "2018.10.23"]
[Round "5.30"]
[White "Clemens, Adrian"]
[Black "Klaren, Duncan"]
[Result "1/2-1/2"]
[WhiteElo "2153"]
[BlackElo "1950"]

1. d4 {[%clk 01:30:52]} {[%emt 00:00:06]} Nf6 {[%clk 01:30:55]} {[%emt
00:00:06]} 2. c4 {[%clk 01:31:13]} {[%emt 00:00:09]} g6 {[%clk 01:31:23]}
{[%emt 00:00:02]} 3. Nc3 {[%clk 01:31:29]} {[%emt 00:00:13]} Bg7 {[%clk
01:31:49]} {[%emt 00:00:05]} 4. e4 {[%clk 01:30:25]} {[%emt 00:01:33]} d6
{[%clk 01:32:04]} {[%emt 00:00:16]} 5. f3 {[%clk 01:26:36]} {[%emt 00:04:19]}
O-O {[%clk 01:32:23]} {[%emt 00:00:12]} 6. Bg5 {[%emt 00:01:06]} c5 {[%clk
01:31:52]} 7. d5 {[%clk 01:26:58]} {[%emt 00:00:32]} Nbd7 {[%clk 01:31:11]}
{[%emt 00:01:11]} 8. Nh3 {[%clk 01:25:56]} {[%emt 00:01:31]} Ne5 {[%clk
01:29:22]} {[%emt 00:02:19]} 9. Nf2 {[%clk 01:24:50]} {[%emt 00:01:36]} e6
{[%clk 01:27:30]} {[%emt 00:02:23]} 10. Be2 {[%clk 01:19:32]} {[%emt 00:05:47]}
exd5 {[%clk 01:25:34]} {[%emt 00:02:27]} 11. cxd5 {[%clk 01:19:54]} {[%emt
00:00:08]} a6 {[%clk 01:25:53]} {[%emt 00:00:11]} 12. a4 {[%clk 01:20:09]}
{[%emt 00:00:15]} Qc7 {[%clk 01:25:28]} {[%emt 00:00:54]} 13. O-O {[%clk
01:18:14]} {[%emt 00:02:25]} Rb8 {[%clk 01:24:06]} {[%emt 00:01:53]} 14. Qd2
{[%clk 01:13:48]} {[%emt 00:04:56]} c4 {[%clk 01:22:34]} {[%emt 00:02:02]} 15.
Be3 {[%clk 01:11:06]} {[%emt 00:03:10]} Nfd7 {[%clk 01:21:25]} {[%emt
00:01:40]} 16. f4 {[%clk 01:04:07]} {[%emt 00:07:30]} Nd3 {[%clk 01:19:19]}
{[%emt 00:02:34]} 17. Nxd3 {[%clk 01:02:51]} {[%emt 00:01:46]} cxd3 {[%clk
01:19:42]} {[%emt 00:00:07]} 18. Bxd3 {[%clk 00:53:16]} {[%emt 00:10:06]} Nc5
{[%clk 01:18:00]} {[%emt 00:02:12]} 19. Bc2 {[%clk 00:52:02]} {[%emt 00:01:43]}
f5 {[%clk 01:14:17]} {[%emt 00:04:14]} 20. Bd4 {[%clk 00:44:15]} {[%emt
00:08:17]} fxe4 {[%clk 01:11:46]} {[%emt 00:03:01]} 21. Nxe4 {[%clk 00:37:03]}
{[%emt 00:07:42]} Bf5 {[%clk 01:00:31]} {[%emt 00:11:45]} 22. Bxg7 {[%clk
00:27:49]} {[%emt 00:09:43]} Nxe4 {[%clk 00:53:11]} {[%emt 00:07:50]} 23. Bxe4
{[%clk 00:25:20]} {[%emt 00:02:59]} Qxg7 {[%clk 00:53:35]} {[%emt 00:00:06]} 24.
Bf3 {[%clk 00:24:17]} {[%emt 00:01:34]} Rbc8 {[%clk 00:49:19]} {[%emt
00:04:46]} 25. Rac1 {[%clk 00:23:32]} {[%emt 00:01:15]} Qd7 {[%clk 00:43:43]}
{[%emt 00:06:05]} 26. Qb4 {[%clk 00:18:30]} {[%emt 00:05:32]} Qe7 {[%clk
00:41:55]} {[%emt 00:02:19]} 27. Qd4 {[%clk 00:18:38]} {[%emt 00:00:22]} Rfe8
{[%clk 00:38:06]} {[%emt 00:04:19]} 28. a5 {[%clk 00:16:48]} {[%emt 00:02:20]}
Bd7 {[%clk 00:33:38]} {[%emt 00:04:58]} 29. h3 {[%clk 00:11:51]} {[%emt
00:05:27]} Qh4 {[%clk 00:31:24]} {[%emt 00:02:43]} 30. Qb4 {[%clk 00:08:58]}
{[%emt 00:03:24]} Qe7 {[%clk 00:26:04]} {[%emt 00:05:50]} 31. Qd2 {[%clk
00:04:37]} {[%emt 00:04:51]} Qf6 {[%clk 00:24:37]} {[%emt 00:01:56]} 32. Rfe1
{[%clk 00:04:05]} {[%emt 00:01:03]} Rxe1+ {[%clk 00:23:51]} {[%emt 00:01:15]}
33. Rxe1 {[%clk 00:04:28]} {[%emt 00:00:07]} Bf5 {[%clk 00:24:18]} {[%emt
00:00:04]} 34. Qb4 {[%clk 00:04:01]} {[%emt 00:00:57]} Qh4 {[%clk 00:24:02]}
{[%emt 00:00:46]} 35. Rf1 {[%clk 00:02:28]} {[%emt 00:02:03]} Rc2 {[%clk
00:20:25]} {[%emt 00:04:06]} 36. Bd1 {[%clk 00:00:57]} {[%emt 00:02:02]} Rxg2+
{[%clk 00:18:43]} {[%emt 00:02:12]} 37. Kxg2 {[%clk 00:01:10]} {[%emt
00:00:16]} Bxh3+ {[%clk 00:19:02]} {[%emt 00:00:11]} 38. Kf3 {[%clk 00:01:08]}
{[%emt 00:00:33]} Bxf1 {[%clk 00:19:27]} {[%emt 00:00:05]} 39. Qxd6 {[%clk
00:01:08]} {[%emt 00:00:30]} Qh5+ {[%clk 00:19:30]} {[%emt 00:00:26]} 40. Kf2
{[%clk 00:01:22]} {[%emt 00:00:17]} Qxd1 {[%clk 00:19:14]} {[%emt 00:00:46]} 41.
Qd8+ {[%clk 00:01:21]} {[%emt 00:00:30]} Kg7 {[%clk 00:16:14]} {[%emt
00:03:30]} 42. Qe7+ {[%clk 00:01:27]} {[%emt 00:00:24]} Kh6 {[%clk 00:15:35]}
{[%emt 00:01:09]} 43. Qg5+ {[%emt 00:01:02]} 1/2-1/2

[Event "Hoogeveen Open"]
[Site "Hoogeveen, Netherlands"]
[Date "2018.10.23"]
[Round "5.31"]
[White "Husers, Yannic"]
[Black "Biermann, Lenhard"]
[Result "0-1"]
[WhiteElo "1866"]
[BlackElo "2153"]

1. e4 {[%clk 01:30:57]} {[%emt 00:00:02]} e6 {[%clk 01:30:55]} {[%emt
00:00:06]} 2. d4 {[%clk 01:31:21]} {[%emt 00:00:06]} d5 {[%clk 01:31:20]}
{[%emt 00:00:05]} 3. Nd2 {[%clk 01:31:45]} {[%emt 00:00:05]} h6 {[%clk
01:31:44]} {[%emt 00:00:06]} 4. Bd3 {[%clk 01:30:07]} {[%emt 00:02:08]} c5
{[%clk 01:31:16]} {[%emt 00:00:59]} 5. c3 {[%clk 01:30:07]} {[%emt 00:00:29]}
cxd4 {[%clk 01:30:32]} {[%emt 00:01:15]} 6. cxd4 {[%clk 01:30:29]} {[%emt
00:00:08]} dxe4 {[%clk 01:30:56]} {[%emt 00:00:06]} 7. Nxe4 {[%clk 01:30:43]}
{[%emt 00:00:15]} Bb4+ {[%clk 01:31:20]} {[%emt 00:00:07]} 8. Nc3 {[%clk
01:29:38]} {[%emt 00:01:35]} Nc6 {[%clk 01:31:30]} {[%emt 00:00:19]} 9. Nge2
{[%clk 01:28:54]} {[%emt 00:01:14]} Nf6 {[%clk 01:31:08]} {[%emt 00:00:52]} 10.
O-O {[%clk 01:28:21]} {[%emt 00:01:03]} O-O {[%clk 01:30:57]} {[%emt 00:00:41]}
11. a3 {[%clk 01:22:45]} {[%emt 00:06:06]} Be7 {[%clk 01:27:14]} {[%emt
00:04:13]} 12. b4 {[%clk 01:18:06]} {[%emt 00:05:09]} b6 {[%clk 01:24:17]}
{[%emt 00:03:28]} 13. Ra2 {[%clk 01:12:31]} {[%emt 00:06:04]} Nd5 {[%clk
01:08:46]} {[%emt 00:16:00]} 14. Ne4 {[%clk 01:02:00]} {[%emt 00:11:02]} Bb7
{[%clk 00:59:50]} {[%emt 00:09:26]} 15. Bb1 {[%clk 00:48:30]} {[%emt 00:14:00]}
f5 {[%clk 00:53:15]} {[%emt 00:07:05]} 16. N4g3 {[%clk 00:48:10]} {[%emt
00:00:49]} Nc7 {[%clk 00:45:28]} {[%emt 00:08:18]} 17. Qd3 {[%clk 00:42:44]}
{[%emt 00:05:56]} Qd5 {[%clk 00:35:04]} {[%emt 00:10:54]} 18. Rd2 {[%clk
00:31:00]} {[%emt 00:12:14]} Nxb4 {[%clk 00:25:16]} {[%emt 00:10:19]} 19. Nf4
{[%clk 00:29:43]} {[%emt 00:01:46]} Nxd3 {[%clk 00:25:25]} {[%emt 00:00:21]} 20.
Nxd5 {[%clk 00:30:01]} {[%emt 00:00:12]} Nxd5 {[%clk 00:25:35]} {[%emt
00:00:21]} 21. Bxd3 {[%clk 00:30:07]} {[%emt 00:00:23]} Nf4 {[%clk 00:19:30]}
{[%emt 00:06:35]} 22. Bc4 {[%clk 00:28:46]} {[%emt 00:01:51]} Nxg2 {[%clk
00:15:37]} {[%emt 00:04:22]} 23. Bxe6+ {[%clk 00:28:40]} {[%emt 00:00:38]} Kh8
{[%clk 00:16:00]} {[%emt 00:00:06]} 24. Nxf5 {[%clk 00:28:21]} {[%emt
00:00:49]} Bg5 {[%clk 00:12:21]} {[%emt 00:04:09]} 25. Rdd1 {[%clk 00:23:23]}
{[%emt 00:05:29]} Bxc1 {[%clk 00:12:09]} {[%emt 00:00:42]} 26. Rxc1 {[%clk
00:23:44]} {[%emt 00:00:08]} Nf4 {[%clk 00:11:42]} {[%emt 00:00:58]} 27. d5
{[%clk 00:21:23]} {[%emt 00:02:51]} Nxe6 {[%clk 00:11:46]} {[%emt 00:00:25]} 28.
Ne7 {[%clk 00:20:31]} {[%emt 00:01:21]} Nf4 {[%clk 00:09:53]} {[%emt 00:02:24]}
29. Rc7 {[%clk 00:20:43]} {[%emt 00:00:18]} Bxd5 {[%emt 00:01:03]} 0-1

[Event "Hoogeveen Open"]
[Site "Hoogeveen, Netherlands"]
[Date "2018.10.23"]
[Round "5.34"]
[White "Maters, Arthur"]
[Black "Jelic, Bruno"]
[Result "1-0"]
[WhiteElo "1933"]
[BlackElo "2076"]

1. e4 {[%clk 01:30:59]} g6 {[%clk 01:30:29]} {[%emt 00:00:30]} 2. d4 {[%clk
01:31:20]} {[%emt 00:00:10]} Bg7 {[%clk 01:30:44]} {[%emt 00:00:15]} 3. Nc3
{[%clk 01:31:45]} {[%emt 00:00:06]} d6 {[%clk 01:30:57]} {[%emt 00:00:16]} 4.
Bc4 {[%clk 01:32:05]} {[%emt 00:00:10]} Nf6 {[%clk 01:29:17]} {[%emt 00:02:09]}
5. Qe2 {[%clk 01:32:28]} {[%emt 00:00:08]} c6 {[%clk 01:26:46]} {[%emt
00:03:01]} 6. e5 {[%clk 01:31:26]} {[%emt 00:01:33]} dxe5 {[%clk 01:25:38]}
{[%emt 00:01:38]} 7. dxe5 {[%clk 01:31:48]} {[%emt 00:00:08]} Nd5 {[%clk
01:25:23]} {[%emt 00:00:44]} 8. Bd2 {[%clk 01:30:05]} {[%emt 00:02:13]} O-O
{[%clk 01:22:27]} {[%emt 00:03:26]} 9. f4 {[%clk 01:17:10]} {[%emt 00:13:26]}
Be6 {[%clk 01:18:55]} {[%emt 00:04:01]} 10. Nf3 {[%clk 01:13:45]} {[%emt
00:03:55]} Nxc3 {[%clk 01:17:04]} {[%emt 00:02:22]} 11. Bxc3 {[%clk 01:11:55]}
{[%emt 00:02:20]} Bxc4 {[%clk 01:16:46]} {[%emt 00:00:47]} 12. Qxc4 {[%clk
01:12:15]} {[%emt 00:00:11]} Qd5 {[%clk 01:16:40]} {[%emt 00:00:35]} 13. Qe2
{[%clk 01:00:56]} {[%emt 00:11:49]} c5 {[%clk 01:07:44]} {[%emt 00:09:27]} 14.
O-O {[%clk 00:59:25]} {[%emt 00:02:00]} e6 {[%clk 00:56:11]} {[%emt 00:12:03]}
15. Rfd1 {[%clk 00:57:41]} {[%emt 00:02:13]} Qc6 {[%clk 00:54:09]} {[%emt
00:02:33]} 16. Ng5 {[%clk 00:51:13]} {[%emt 00:06:57]} Na6 {[%clk 00:53:34]}
{[%emt 00:01:06]} 17. Ne4 {[%clk 00:40:20]} {[%emt 00:11:23]} Rad8 {[%clk
00:52:01]} {[%emt 00:02:02]} 18. Rf1 {[%clk 00:32:57]} {[%emt 00:07:53]} Nc7
{[%clk 00:50:39]} {[%emt 00:01:51]} 19. g4 {[%clk 00:30:10]} {[%emt 00:03:18]}
Nd5 {[%clk 00:45:18]} {[%emt 00:05:51]} 20. g5 {[%clk 00:29:22]} {[%emt
00:01:18]} Nxc3 {[%clk 00:42:50]} {[%emt 00:02:58]} 21. bxc3 {[%clk 00:29:34]}
{[%emt 00:00:19]} Rd5 {[%clk 00:40:55]} {[%emt 00:02:24]} 22. Rf3 {[%clk
00:28:34]} {[%emt 00:01:30]} Rfd8 {[%clk 00:40:26]} {[%emt 00:01:00]} 23. Rh3
{[%clk 00:27:54]} {[%emt 00:01:10]} c4 {[%clk 00:35:26]} {[%emt 00:05:29]} 24.
Re1 {[%clk 00:21:07]} {[%emt 00:07:18]} b5 {[%emt 00:06:35]} 25. Qg4 {[%clk
00:18:38]} Qd7 {[%clk 00:24:03]} {[%emt 00:08:46]} 26. Kf2 {[%clk 00:12:58]}
{[%emt 00:06:11]} Rd1 {[%clk 00:21:51]} {[%emt 00:02:41]} 27. Re2 {[%clk
00:13:24]} {[%emt 00:00:05]} Rc1 {[%clk 00:19:21]} {[%emt 00:02:59]} 28. Nd6
{[%clk 00:11:04]} {[%emt 00:02:51]} Qc6 {[%clk 00:18:20]} {[%emt 00:01:31]} 29.
Rhe3 {[%clk 00:06:39]} {[%emt 00:04:55]} Qh1 {[%clk 00:15:45]} {[%emt
00:03:04]} 30. Qg2 {[%clk 00:06:31]} {[%emt 00:00:39]} Qd1 {[%clk 00:15:03]}
{[%emt 00:01:12]} 31. Kg3 {[%clk 00:06:38]} {[%emt 00:00:23]} a6 {[%clk
00:10:43]} {[%emt 00:04:50]} 32. Qb7 {[%clk 00:03:46]} {[%emt 00:03:22]} Qg1+
{[%clk 00:10:02]} {[%emt 00:01:11]} 33. Kh4 {[%clk 00:04:11]} {[%emt 00:00:05]}
Rf1 {[%clk 00:09:01]} {[%emt 00:01:29]} 34. Qxf7+ {[%clk 00:02:32]} {[%emt
00:02:11]} Kh8 {[%clk 00:08:54]} {[%emt 00:00:37]} 35. Rg3 {[%clk 00:02:50]}
{[%emt 00:00:12]} Qb6 {[%clk 00:05:59]} {[%emt 00:03:23]} 36. Ne8 {[%clk
00:03:10]} {[%emt 00:00:12]} Rxf4+ {[%clk 00:05:02]} {[%emt 00:01:27]} 37. Qxf4
{[%clk 00:03:34]} {[%emt 00:00:06]} Rxe8 {[%clk 00:05:12]} {[%emt 00:00:20]} 38.
Qe3 {[%clk 00:03:37]} {[%emt 00:00:27]} Qd8 {[%clk 00:03:34]} {[%emt 00:02:07]}
39. Rd2 {[%clk 00:03:26]} {[%emt 00:00:42]} Qe7 {[%clk 00:03:21]} {[%emt
00:00:42]} 40. Kh3 {[%clk 00:03:19]} {[%emt 00:00:37]} Rf8 {[%clk 00:02:30]}
{[%emt 00:01:22]} 41. Rf3 {[%emt 00:05:49]} Rc8 {[%clk 00:31:06]} 42. Rdf2
{[%clk 00:28:55]} {[%emt 00:01:27]} Qc7 {[%clk 00:29:46]} {[%emt 00:01:51]} 43.
Rf7 {[%clk 00:24:58]} {[%emt 00:04:27]} Qb8 {[%clk 00:27:17]} {[%emt 00:02:58]}
44. Rd7 {[%clk 00:19:43]} {[%emt 00:05:45]} Qxe5 {[%clk 00:26:30]} {[%emt
00:01:16]} 45. Qxe5 {[%clk 00:20:08]} {[%emt 00:00:06]} Bxe5 {[%clk 00:26:52]}
{[%emt 00:00:08]} 46. Rff7 {[%clk 00:19:53]} {[%emt 00:00:45]} Bxc3 {[%clk
00:26:54]} {[%emt 00:00:28]} 47. Rxh7+ {[%clk 00:20:18]} {[%emt 00:00:05]} Kg8
{[%clk 00:27:09]} {[%emt 00:00:13]} 48. Rhe7 {[%clk 00:20:24]} {[%emt
00:00:26]} e5 {[%clk 00:27:03]} {[%emt 00:00:35]} 49. Rg7+ {[%clk 00:20:24]}
{[%emt 00:00:31]} Kf8 {[%clk 00:26:32]} {[%emt 00:00:59]} 50. Rxg6 {[%clk
00:19:56]} {[%emt 00:00:59]} e4 {[%clk 00:26:01]} {[%emt 00:01:01]} 51. Re6
{[%clk 00:19:42]} {[%emt 00:00:44]} Re8 {[%clk 00:25:54]} {[%emt 00:00:37]} 52.
Rdd6 {[%clk 00:20:05]} {[%emt 00:00:07]} Rxe6 {[%clk 00:24:17]} {[%emt
00:02:07]} 53. Rxe6 {[%clk 00:20:24]} {[%emt 00:00:12]} Bd2 {[%clk 00:24:27]}
{[%emt 00:00:19]} 54. Rxe4 {[%clk 00:20:18]} {[%emt 00:00:36]} Bxg5 {[%clk
00:24:40]} {[%emt 00:00:17]} 55. Re6 {[%clk 00:20:40]} {[%emt 00:00:09]} a5
{[%clk 00:23:43]} {[%emt 00:01:26]} 56. Re5 {[%clk 00:21:00]} {[%emt 00:00:11]}
1-0

[Event "Hoogeveen Open"]
[Site "Hoogeveen, Netherlands"]
[Date "2018.10.23"]
[Round "5.35"]
[White "Kutchoukov, Daniel"]
[Black "Hoffman, Ron"]
[Result "1/2-1/2"]
[WhiteElo "1882"]
[BlackElo "2060"]

1. e4 {[%clk 01:30:59]} {[%emt 00:00:01]} Nc6 {[%clk 01:30:33]} {[%emt
00:00:26]} 2. Nf3 {[%clk 01:30:56]} {[%emt 00:00:33]} d6 {[%clk 01:30:50]}
{[%emt 00:00:12]} 3. d4 {[%clk 01:31:04]} {[%emt 00:00:23]} Nf6 {[%clk
01:28:46]} {[%emt 00:02:34]} 4. d5 {[%clk 01:28:38]} {[%emt 00:02:56]} Nb8
{[%clk 01:28:45]} {[%emt 00:00:31]} 5. Bd3 {[%clk 01:25:36]} {[%emt 00:03:32]}
g6 {[%clk 01:28:31]} {[%emt 00:00:43]} 6. c4 {[%clk 01:19:04]} {[%emt
00:07:03]} Bg7 {[%clk 01:25:46]} {[%emt 00:03:14]} 7. Nc3 {[%clk 01:16:15]}
{[%emt 00:03:20]} O-O {[%clk 01:25:47]} {[%emt 00:00:27]} 8. h3 {[%clk
01:07:06]} {[%emt 00:09:41]} a5 {[%clk 01:22:23]} {[%emt 00:03:54]} 9. Be3
{[%clk 01:06:37]} {[%emt 00:00:58]} Na6 {[%clk 01:16:54]} {[%emt 00:06:00]} 10.
O-O {[%clk 01:00:13]} {[%emt 00:06:54]} Nc5 {[%clk 01:12:06]} {[%emt 00:05:18]}
11. Bxc5 {[%clk 00:44:05]} {[%emt 00:16:39]} dxc5 {[%clk 01:12:01]} {[%emt
00:00:34]} 12. e5 {[%clk 00:44:16]} {[%emt 00:00:20]} Ne8 {[%clk 00:57:12]}
{[%emt 00:15:18]} 13. Qe2 {[%clk 00:26:50]} {[%emt 00:17:56]} e6 {[%clk
00:45:01]} {[%emt 00:12:41]} 14. Rad1 {[%clk 00:24:19]} {[%emt 00:03:01]} Qe7
{[%clk 00:43:15]} {[%emt 00:02:15]} 15. Rfe1 {[%clk 00:20:06]} {[%emt
00:04:44]} b6 {[%clk 00:40:58]} {[%emt 00:02:47]} 16. Nd2 {[%clk 00:04:16]}
{[%emt 00:16:20]} Bb7 {[%clk 00:38:40]} {[%emt 00:02:48]} 17. f4 {[%emt
00:00:56]} Qh4 {[%clk 00:25:54]} {[%emt 00:12:53]} 18. Qe3 {[%clk 00:01:22]}
{[%emt 00:03:21]} Bh6 {[%clk 00:23:41]} {[%emt 00:02:43]} 19. g3 {[%clk
00:00:39]} {[%emt 00:01:13]} Qe7 {[%clk 00:21:18]} {[%emt 00:02:53]} 20. Nf3
{[%clk 00:00:35]} {[%emt 00:00:35]} Rd8 {[%clk 00:20:33]} {[%emt 00:01:15]} 21.
Be4 {[%clk 00:00:47]} {[%emt 00:00:18]} Ba8 {[%clk 00:19:55]} {[%emt 00:01:07]}
22. g4 {[%clk 00:00:54]} {[%emt 00:00:24]} Bg7 {[%clk 00:12:39]} {[%emt
00:07:45]} 23. Kf2 {[%clk 00:00:54]} {[%emt 00:00:30]} f6 {[%clk 00:10:51]}
{[%emt 00:02:18]} 24. dxe6 {[%clk 00:00:37]} {[%emt 00:00:47]} Rxd1 {[%clk
00:10:21]} {[%emt 00:01:00]} 25. Rxd1 {[%clk 00:00:50]} {[%emt 00:00:17]} Bxe4
{[%clk 00:10:33]} {[%emt 00:00:18]} 26. Qxe4 {[%clk 00:00:48]} {[%emt
00:00:32]} fxe5 {[%clk 00:10:01]} {[%emt 00:01:02]} 27. Nxe5 {[%clk 00:00:32]}
{[%emt 00:00:46]} Qxe6 {[%clk 00:07:24]} {[%emt 00:03:08]} 28. Nd3 {[%clk
00:00:33]} {[%emt 00:00:28]} Qxe4 {[%clk 00:03:35]} {[%emt 00:04:19]} 29. Nxe4
{[%clk 00:01:02]} {[%emt 00:00:01]} Nf6 {[%clk 00:04:00]} {[%emt 00:00:06]} 30.
Ng5 {[%clk 00:00:41]} {[%emt 00:00:51]} Rd8 {[%clk 00:03:30]} {[%emt 00:00:58]}
31. Ne6 {[%clk 00:00:34]} {[%emt 00:00:38]} Rd7 {[%clk 00:03:59]} {[%emt
00:00:01]} 32. Nxg7 {[%clk 00:00:32]} {[%emt 00:00:33]} Kxg7 {[%clk 00:04:27]}
{[%emt 00:00:01]} 33. Ke2 {[%clk 00:00:43]} {[%emt 00:00:19]} Rd4 {[%clk
00:04:37]} {[%emt 00:00:21]} 34. b3 {[%clk 00:00:38]} {[%emt 00:00:35]} Ne4
{[%clk 00:04:22]} {[%emt 00:00:43]} 35. Rc1 {[%clk 00:00:35]} {[%emt 00:00:34]}
Kf6 {[%clk 00:03:32]} {[%emt 00:01:20]} 36. Rc2 {[%clk 00:00:40]} {[%emt
00:00:25]} h5 {[%clk 00:03:18]} {[%emt 00:00:44]} 37. Ke3 {[%clk 00:00:33]}
{[%emt 00:00:37]} Nd6 {[%clk 00:01:48]} {[%emt 00:02:00]} 38. Ne5 {[%clk
00:00:33]} {[%emt 00:00:31]} g5 {[%clk 00:01:33]} {[%emt 00:00:45]} 39. Nd3
{[%clk 00:00:33]} {[%emt 00:00:29]} hxg4 {[%clk 00:00:51]} {[%emt 00:01:12]} 40.
hxg4 {[%clk 00:00:53]} {[%emt 00:00:10]} Re4+ {[%clk 00:00:32]} {[%emt
00:00:49]} 41. Kf3 {[%clk 00:00:57]} {[%emt 00:00:26]} Rd4 {[%clk 00:27:14]}
{[%emt 00:03:46]} 42. Ke4 {[%emt 00:24:58]} 1/2-1/2